[Event "Berlin Werner Ott op"]
[Site "Berlin"]
[Date "2022.07.17"]
[Round "9"]
[White "Lippert, Daniel"]
[Black "Liebelt, Jannik"]
[Result "0-1"]
[WhiteElo "2025"]
[BlackElo "2094"]
[PlyCount "92"]
[EventDate "2022.07.09"]
[EventType "swiss"]
[EventRounds "9"]
[EventCountry "GER"]
[SourceTitle "CBM 209 Extra"]
[Source "ChessBase"]
[SourceDate "2022.09.30"]
[SourceVersion "1"]
[SourceVersionDate "2022.09.30"]
[SourceQuality "1"]

1. e4 Nf6 2. e5 Nd5 3. d4 d6 4. c4 Nb6 5. exd6 cxd6 6. Nf3 g6 7. h3 Bg7 8. Bd3 0-0 9. Be3 Nc6 10. Nbd2 e5 11. d5 Nb4 12. Bb1 a5 13. Qb3 Nd7 14. g4 Qc7 15. Ne4 b6 16. Nfd2 Rb8 17. a3 Na6 18. a4 Nac5 19. Qd1 f5 20. Bxc5 Nxc5 21. Ng3 e4 22. Ra2 Qe7 23. Qe2 Bd7 24. gxf5 gxf5 25. Bc2 Rbe8 26. Kd1 Kh8 27. Kc1 Qh4 28. Ngf1 Bh6 29. Ra3 Rg8 30. Ne3 Qf6 31. Kb1 Re7 32. Ka2 Qf7 33. Nb1 Na6 34. Nc3 Nb4+ 35. Kb3 Qf6 36. Raa1 Reg7 37. Raf1 Na6 38. f3 Qd4 39. Ned1 Nc5+ 40. Ka2 Nd3 41. Nf2 Qxc4+ 42. Kb1 Rg2 43. fxe4 Nxb2 44. Kxb2 Qb4+ 45. Bb3 Bg7 46. Rc1 Bxa4 0-1

[Event "Berlin Werner Ott op"]
[Site "Berlin"]
[Date "2022.07.13"]
[Round "5"]
[White "Heinig, Wolfram"]
[Black "Liebelt, Jannik"]
[Result "0-1"]
[WhiteElo "2244"]
[BlackElo "2094"]
[PlyCount "92"]
[EventDate "2022.07.09"]
[EventType "swiss"]
[EventRounds "9"]
[EventCountry "GER"]
[SourceTitle "CBM 209 Extra"]
[Source "ChessBase"]
[SourceDate "2022.09.30"]
[SourceVersion "1"]
[SourceVersionDate "2022.09.30"]
[SourceQuality "1"]

1. d4 d5 2. Nf3 Nf6 3. Bf4 c5 4. c3 Nc6 5. e3 e6 6. Nbd2 Nh5 7. Bg5 f6 8. Bh4 cxd4 9. Nxd4 g6 10. Be2 Ng7 11. e4 Nxd4 12. cxd4 dxe4 13. Qa4+ Kf7 14. Bg3 Nf5 15. Nxe4 Qxd4 16. Qxd4 Nxd4 17. Bd3 Bb4+ 18. Nc3 Rd8 19. 0-0-0 e5 20. h3 Bf5 21. Bxf5 gxf5 22. Rd3 Bxc3 23. bxc3 Ne2+ 24. Kc2 Rxd3 25. Kxd3 Nxg3 26. fxg3 Rg8 27. g4 fxg4 28. hxg4 Rxg4 29. Rxh7+ Rg7 30. Rh2 Ke6 31. Kc4 Rc7+ 32. Kd3 Kd5 33. Rh6 f5 34. Rg6 e4+ 35. Kc2 Ke5 36. g3 Rd7 37. Rg8 Kf6 38. Rf8+ Rf7 39. Rb8 Rg7 40. a4 Kg5 41. a5 a6 42. Rf8 Kg4 43. Kd2 Rc7 44. Rg8+ Kf3 45. Rg5 e3+ 46. Ke1 Ke4 0-1

[Event "Berlin Werner Ott op"]
[Site "Berlin"]
[Date "2022.07.10"]
[Round "2"]
[White "Liebelt, Jannik"]
[Black "Neuenbaumer, Jan Holger"]
[Result "1-0"]
[WhiteElo "2094"]
[BlackElo "1937"]
[PlyCount "121"]
[EventDate "2022.07.09"]
[EventType "swiss"]
[EventRounds "9"]
[EventCountry "GER"]
[SourceTitle "CBM 209 Extra"]
[Source "ChessBase"]
[SourceDate "2022.09.30"]
[SourceVersion "1"]
[SourceVersionDate "2022.09.30"]
[SourceQuality "1"]

1. e4 d6 2. d4 Nf6 3. Nc3 g6 4. Bg5 Bg7 5. Qd2 Nbd7 6. 0-0-0 c6 7. e5 dxe5 8. dxe5 Ng4 9. f4 Qb6 10. h3 Ne3 11. Na4 Nxf1 12. Nxb6 Nxd2 13. Nxa8 Ne4 14. Bh4 g5 15. Rd4 Nec5 16. Bxg5 Ne6 17. Ra4 Nxg5 18. fxg5 Bxe5 19. Rxa7 Bf4+ 20. Kb1 Bxg5 21. Nf3 Be3 22. Ra4 b5 23. Re4 Bc5 24. b4 Bd6 25. Rd1 Kd8 26. Ng5 Rf8 27. Nxh7 Rg8 28. h4 Bb7 29. Ng5 Rg7 30. Red4 Bxa8 31. Ne4 Kc7 32. Nxd6 exd6 33. Rxd6 f5 34. h5 Ne5 35. Rf6 Ng4 36. Rg6 Rh7 37. Rh1 Bb7 38. h6 Kb6 39. g3 Bc8 40. Kb2 Bb7 41. Rh4 Bc8 42. Kc1 Bb7 43. Kb2 Bc8 44. a3 Bb7 45. Kc1 Bc8 46. Kb2 Bb7 47. Kb3 Bc8 48. a4 bxa4+ 49. Kxa4 Ba6 50. Kb3 Bc4+ 51. Kc3 Bd5 52. Kd4 Kb5 53. c3 Bc4 54. Rgxg4 fxg4 55. Rh5+ Bd5 56. c4+ Kxb4 57. cxd5 c5+ 58. Ke5 c4 59. Kf6 c3 60. Kg6 c2 61. Rh1 1-0

[Event "DSOL 04 Liga Gr-B 1st"]
[Site "Playchess.com INT"]
[Date "2020.08.04"]
[Round "7.2"]
[White "Hirschberg, Markus"]
[Black "Liebelt, Jannik"]
[Result "0-1"]
[WhiteElo "1821"]
[BlackElo "2026"]
[PlyCount "128"]
[EventDate "2020.06.22"]
[EventType "team-tourn (rapid)"]
[EventCountry "GER"]
[SourceTitle "EXT 2021"]
[Source "ChessBase"]
[SourceDate "2020.10.23"]
[SourceVersion "1"]
[SourceVersionDate "2020.10.23"]
[SourceQuality "1"]
[WhiteTeam "Buer Hassel"]
[BlackTeam "Porta Westfalica"]
[WhiteTeamCountry "GER"]
[BlackTeamCountry "GER"]

1. e4 c5 2. Nf3 e6 3. d4 cxd4 4. Nxd4 Nc6 5. a3 Qc7 6. Nc3 a6 7. Be3 b5 8. Be2 Bb7 9. Nb3 d6 10. 0-0 Nf6 11. f4 Be7 12. Qe1 h5 13. h3 b4 14. axb4 Nxb4 15. Bd3 Rc8 16. Nb5 axb5 17. Qxb4 0-0 18. Ra7 Ra8 19. Rfa1 Rxa7 20. Rxa7 Ra8 21. Rxa8+ Bxa8 22. Qxb5 Bxe4 23. Bxe4 Nxe4 24. c3 h4 25. Bb6 Qb8 26. Nd4 Bf8 27. Qc6 d5 28. Qc7 Qa8 29. Qa7 Qc8 30. Qc7 Qa6 31. Qa7 Qd3 32. Nf3 Qd1+ 33. Kh2 Bd6 34. Bc7 Bc5 35. Bb6 Ng3 36. Nxh4 Nf1+ 37. Kh1 Ng3+ 38. Kh2 Qg1+ 39. Kxg3 Bxb6 40. Qb8+ Kh7 41. Qe5 Bf2+ 42. Kf3 Be1 43. Kg4 Qf2 44. Qh5+ Kg8 45. Qg5 Qe2+ 46. Nf3 Qxg2+ 47. Kh5 Qxh3+ 48. Nh4 Qxh4+ 49. Qxh4 Bxh4 50. Kxh4 Kf8 51. Kg4 Ke7 52. Kf3 Kd6 53. Ke3 Kc5 54. b4+ Kc4 55. Kd2 d4 56. cxd4 Kxb4 57. Ke3 Kc4 58. Ke4 g6 59. Ke5 Kd3 60. d5 exd5 61. Kxd5 Ke3 62. Ke5 Kf3 63. f5 g5 64. Kf6 Kf4 0-1

[Event "Bad Woerishofen op 34th"]
[Site "Bad Woerishofen"]
[Date "2018.02.23"]
[Round "1"]
[White "Liebelt, Jannik"]
[Black "Karpatchev, Aleksandr"]
[Result "0-1"]
[WhiteElo "2049"]
[BlackElo "2478"]
[PlyCount "128"]
[EventDate "2018.02.23"]
[EventType "swiss"]
[EventRounds "9"]
[EventCountry "GER"]
[SourceTitle "CBM 183 Extra"]
[Source "ChessBase"]
[SourceDate "2018.04.19"]
[SourceVersion "1"]
[SourceVersionDate "2018.04.19"]
[SourceQuality "1"]

1. d4 Nc6 2. Bf4 d5 3. e3 Nf6 4. c3 g6 5. Be2 Bg7 6. h4 h5 7. Nd2 a6 8. Nh3 Ng4 9. f3 e5 10. Bg5 Nf6 11. dxe5 Nxe5 12. Qa4+ Qd7 13. Qxd7+ Nfxd7 14. e4 Nc5 15. Nf2 Be6 16. 0-0-0 dxe4 17. Ndxe4 Ncd7 18. Kb1 0-0 19. Nd3 Rfe8 20. Rhe1 Bf5 21. Nxe5 Nxe5 22. Ka1 Bxe4 23. fxe4 c6 24. Kb1 b5 25. Rd6 Bf8 26. Rdd1 Be7 27. Bxe7 Rxe7 28. Rd6 Kg7 29. Kc2 a5 30. Rd4 Rae8 31. a4 Ng4 32. Bxg4 hxg4 33. axb5 cxb5 34. e5 Rxe5 35. Rxe5 Rxe5 36. Rxg4 Re2+ 37. Kb3 f6 38. g3 Re3 39. Kc2 Rf3 40. Kb3 Kh6 41. Rd4 Rxg3 42. Rd5 Rg4 43. Rxb5 a4+ 44. Ka3 Rxh4 45. Rb4 g5 46. c4 g4 47. c5 Kg5 48. c6 Rh8 49. Kxa4 g3 50. Rb7 Rg8 51. Rd7 g2 52. Rd1 Kf4 53. Rg1 Kg3 54. b4 f5 55. b5 f4 56. c7 f3 57. Rd1 f2 58. Rd8 Rg4+ 59. Kb3 f1Q 60. c8Q Qxb5+ 61. Kc3 Qb4+ 62. Kd3 g1Q 63. Qc7+ Qf4 64. Qe7 Qc4+ 0-1

[Event "Lippe Cup-B 08th"]
[Site "Lieme"]
[Date "2011.10.30"]
[Round "4"]
[White "Liebelt, Jannik"]
[Black "Masalsky, Boris"]
[Result "1-0"]
[WhiteElo "1760"]
[BlackElo "1442"]
[PlyCount "74"]
[EventDate "2011.10.28"]
[EventType "swiss"]
[EventRounds "5"]
[EventCountry "GER"]
[SourceTitle "EXT 2012"]
[Source "ChessBase"]
[SourceDate "2011.11.24"]
[SourceVersion "1"]
[SourceVersionDate "2011.11.24"]
[SourceQuality "1"]

1. d4 d5 2. c4 e6 3. Nc3 Nf6 4. cxd5 exd5 5. Bg5 Be7 6. Qc2 h6 7. Bh4 Nc6 8. e3 0-0 9. a3 Be6 10. Bd3 Kh8 11. Nge2 Qd7 12. 0-0 Nh5 13. Bxe7 Nxe7 14. Rae1 Nf6 15. f3 Bf5 16. Nf4 Bxd3 17. Nxd3 Ng6 18. Nc5 Qc8 19. e4 dxe4 20. fxe4 c6 21. Qd2 Nd7 22. Nd3 Kg8 23. e5 Nb6 24. Nc5 Nd7 25. N5e4 Nb6 26. Nd6 Qd7 27. Nce4 Rad8 28. Nc5 Qc7 29. Ncxb7 Rb8 30. Nc5 Qd8 31. Na6 Ra8 32. Qc3 Ne7 33. Nb4 Nbd5 34. Nxc6 Nxc3 35. Nxd8 Na4 36. N8xf7 Nxb2 37. e6 Na4 1-0

[Event "Lippe Cup 06th"]
[Site "Lieme"]
[Date "2009.10.17"]
[Round "3"]
[White "Bentel, Robin"]
[Black "Liebelt, Jannik"]
[Result "1/2-1/2"]
[WhiteElo "1648"]
[BlackElo "1510"]
[PlyCount "34"]
[EventDate "2009.10.16"]
[EventType "swiss"]
[EventRounds "5"]
[EventCountry "GER"]
[SourceTitle "EXT 2013"]
[Source "ChessBase"]
[SourceDate "2012.11.22"]
[SourceVersion "1"]
[SourceVersionDate "2012.11.22"]
[SourceQuality "1"]

1. d4 Nf6 2. c4 e6 3. Nc3 Bb4 4. Bg5 h6 5. Bh4 b6 6. e4 g5 7. Qf3 Bb7 8. Bg3 Bxe4 9. Qd1 Bb7 10. f3 Bxc3+ 11. bxc3 d6 12. Bd3 Nbd7 13. Ne2 Qe7 14. Kd2 h5 15. Re1 Nh7 16. d5 e5 17. Nd4 a6 1/2-1/2

[Event "Lippe Cup 05th"]
[Site "Lieme"]
[Date "2008.09.28"]
[Round "5"]
[White "Liebelt, Jannik"]
[Black "Ritschel, Stephan"]
[Result "0-1"]
[WhiteElo "1239"]
[BlackElo "1421"]
[PlyCount "120"]
[EventDate "2008.09.26"]
[EventType "swiss"]
[EventRounds "5"]
[EventCountry "GER"]
[SourceTitle "EXT 2012"]
[Source "ChessBase"]
[SourceDate "2011.11.24"]
[SourceVersion "1"]
[SourceVersionDate "2011.11.24"]
[SourceQuality "1"]

1. d4 d5 2. c4 c6 3. Nc3 Nf6 4. Nf3 e6 5. Bg5 Be7 6. e3 Qa5 7. Bxf6 Bxf6 8. Be2 0-0 9. 0-0 Nd7 10. Qc2 dxc4 11. Bxc4 Be7 12. a3 Qh5 13. Be2 Qh6 14. Rfd1 b6 15. Rac1 Bb7 16. e4 Bg5 17. Nxg5 Qxg5 18. Bf3 Nf6 19. e5 Nd5 20. Ne2 Ba6 21. Qxc6 Rac8 22. Qa4 Rxc1 23. Nxc1 Bb7 24. Ne2 Qe7 25. Rc1 g6 26. Qb3 Qd7 27. Ng3 Nf4 28. Rd1 Rc8 29. Bxb7 Qxb7 30. f3 Qc6 31. Rd2 Qc1+ 32. Nf1 Qb1 33. Kf2 Rc1 34. Ne3 Rg1 35. Rd1 Rxd1 36. Nxd1 Qc1 37. Qe3 Qc2+ 38. Kg3 Nh5+ 39. Kh3 Qxd1 40. Qe4 Qd2 41. g4 Nf4+ 42. Kg3 g5 43. Qxf4 gxf4+ 44. Kh3 Kg7 45. g5 Kg6 46. Kg4 Qg2+ 47. Kxf4 Qxg5+ 48. Ke4 f5+ 49. Kd3 Qf4 50. Kc4 Qxf3 51. Kb5 Qd3+ 52. Kc6 Qxd4 53. b4 Qd5+ 54. Kc7 Qxe5+ 55. Kb7 f4 56. Kxa7 Qd4 57. b5 f3 58. a4 f2 59. a5 f1Q 60. a6 Qf7+ 0-1

[Event "Lippe Cup 05th"]
[Site "Lieme"]
[Date "2008.09.28"]
[Round "4"]
[White "Suermann, Uwe"]
[Black "Liebelt, Jannik"]
[Result "1/2-1/2"]
[WhiteElo "1461"]
[BlackElo "1239"]
[PlyCount "57"]
[EventDate "2008.09.26"]
[EventType "swiss"]
[EventRounds "5"]
[EventCountry "GER"]
[SourceTitle "EXT 2012"]
[Source "ChessBase"]
[SourceDate "2011.11.24"]
[SourceVersion "1"]
[SourceVersionDate "2011.11.24"]
[SourceQuality "1"]

1. d4 d5 2. Nf3 Nf6 3. e3 Bg4 4. Bd3 e6 5. Nbd2 Bd6 6. b3 0-0 7. Bb2 c6 8. 0-0 Nbd7 9. c4 Bb4 10. Qc2 Qc7 11. Ne5 Bxd2 12. Qxd2 Nxe5 13. dxe5 Nd7 14. f4 Rfd8 15. Qc2 g6 16. cxd5 exd5 17. Qc3 Kf8 18. f5 gxf5 19. Bxf5 Bxf5 20. Rxf5 Ke7 21. Raf1 Rf8 22. Ba3+ c5 23. Qd4 Ke6 24. Qh4 b6 25. Rf6+ Nxf6 26. Rxf6+ Kd7 27. Qg4+ Ke7 28. Qf5 Rac8 29. Rd6 1/2-1/2